| 000 | 01201cam a2200301 i 4500 | ||
|---|---|---|---|
| 999 |
_c529361 _d529361 |
||
| 001 | 1321671 | ||
| 003 | NUST | ||
| 005 | 20190924153310.0 | ||
| 008 | 780929s1978 dcua b 000 0 eng | ||
| 010 | _a 78060394 | ||
| 020 |
_a030902773X : _c$3.60 |
||
| 038 | _aMSOHAIL | ||
| 040 |
_aDLC _cDLC _dDLC |
||
| 050 | 0 | 0 |
_aTA492.P6 _bN37 1978 |
| 082 | 0 | 0 | _a625.734 |
| 110 | 2 |
_aNational Research Council (U.S.). _bTransportation Research Board. _919676 |
|
| 245 | 1 | 0 |
_aDurability of drainage pipe / _cresearch sponsored by the American Association of State Highway and Transportation Officials, in cooperation with the Federal Highway Administration. |
| 260 |
_aWashington : _bTransportation Research Board, National Research Council, _c1978. |
||
| 300 |
_a37 p. : _bill. ; _c28 cm. |
||
| 440 | 0 |
_aSynthesis of highway practice ; _v50 _921285 |
|
| 504 | _aBibliography: p. 29-30. | ||
| 650 | 0 |
_aPipe _xCorrosion. _921286 |
|
| 650 | 0 |
_aProtective coatings. _921287 |
|
| 710 | 2 |
_aAmerican Association of State Highway and Transportation Officials. _919553 |
|
| 710 | 1 |
_aUnited States. _bFederal Highway Administration. _920149 |
|
| 906 |
_a7 _bcbc _corignew _d2 _eopcn _f19 _gy-gencatlg |
||
| 942 |
_2ddc _cBK |
||